Problems of National Strategy : (Record no. 13106)
[ view plain ]
| 000 -LEADER | |
|---|---|
| fixed length control field | 00871cam a2200241u 4500 |
| 001 - CONTROL NUMBER | |
| control field | 9866629 |
| 005 - DATE AND TIME OF LATEST TRANSACTION | |
| control field | 20030807155148.0 |
| 008 - FIXED-LENGTH DATA ELEMENTS--GENERAL INFORMATION | |
| fixed length control field | 830421s1965 nyu | 000 0 eng d |
| 010 ## - LIBRARY OF CONGRESS CONTROL NUMBER | |
| LC control number | 65024933 |
| 040 ## - CATALOGING SOURCE | |
| Original cataloging agency | DLC |
| Transcribing agency | CarP |
| Modifying agency | DLC |
| 043 ## - GEOGRAPHIC AREA CODE | |
| Geographic area code | n-us--- |
| 050 00 - LIBRARY OF CONGRESS CALL NUMBER | |
| Classification number | UA23 |
| Item number | .K494 |
| 082 ## - DEWEY DECIMAL CLASSIFICATION NUMBER | |
| Edition number | 22 |
| Classification number | 355.0330973 |
| Item number | KIS |
| 245 00 - TITLE STATEMENT | |
| Title | Problems of National Strategy : |
| Remainder of title | A Book of Readings/ |
| Statement of responsibility, etc | Edited by Henry A. Kissinger |
| 260 ## - PUBLICATION, DISTRIBUTION, ETC. (IMPRINT) | |
| Place of publication, distribution, etc | New York: |
| Name of publisher, distributor, etc | Praeger, |
| Date of publication, distribution, etc | 1965 |
| 300 ## - PHYSICAL DESCRIPTION | |
| Extent | ix, 477 p.; |
| Dimensions | 21 cm. |
| 500 ## - GENERAL NOTE | |
| General note | Donated by: Alaa Abdel Ghany |
| 651 #0 - SUBJECT ADDED ENTRY--GEOGRAPHIC NAME | |
| Geographic name | United States |
| General subdivision | Military policy. |
| 9 (RLIN) | 10233 |
| 651 #0 - SUBJECT ADDED ENTRY--GEOGRAPHIC NAME | |
| Geographic name | United States |
| General subdivision | Defenses. |
| 9 (RLIN) | 10234 |
| 700 1# - ADDED ENTRY--PERSONAL NAME | |
| Personal name | Kissinger, Henry, |
| Dates associated with a name | 1923- |
| 9 (RLIN) | 10235 |
| 942 ## - ADDED ENTRY ELEMENTS (KOHA) | |
| Source of classification or shelving scheme | Dewey Decimal Classification |
| Item type | Book - Borrowing |
| Withdrawn status | Item status | Source of classification or shelving scheme | Damaged status | Not for loan | Vendor | Home library | Current library | Shelving location | Date acquired | Source of acquisition | Total Checkouts | Total Renewals | Full call number | Barcode | Date last seen | Date last borrowed | Koha item type |
|---|---|---|---|---|---|---|---|---|---|---|---|---|---|---|---|---|---|
| Dewey Decimal Classification | Central Library | Central Library | First floor | 06/01/2010 | Donation | 1 | 2 | 355.0330973 KIS | 000019365 | 15/07/2025 | 13/10/2015 | Book - Borrowing |